GPS Satellite Surveying (Record no. 115740)

MARC details
000 -LEADER
fixed length control field 00844cam a22002535a 4500
001 - CONTROL NUMBER
control field L159202
008 - FIXED-LENGTH DATA ELEMENTS--GENERAL INFORMATION
fixed length control field 160317s2016 xxk f 000 0 eng d
020 ## - INTERNATIONAL STANDARD BOOK NUMBER
International Standard Book Number 9781118675571
035 ## - SYSTEM CONTROL NUMBER
System control number (Sirsi) u159202
041 0# - LANGUAGE CODE
Language code of text/sound track or separate title eng
050 04 - LIBRARY OF CONGRESS CALL NUMBER
Classification number 526.982
100 1# - MAIN ENTRY--PERSONAL NAME
Personal name Leick, Alfred
245 00 - TITLE STATEMENT
Title GPS Satellite Surveying
250 ## - EDITION STATEMENT
Edition statement 4th edition
260 ## - PUBLICATION, DISTRIBUTION, ETC.
Place of publication, distribution, etc. John Wiley & Sons
Name of publisher, distributor, etc. Hoboken
Date of publication, distribution, etc. 2015
300 ## - PHYSICAL DESCRIPTION
Extent xxiv, 807p, 25cm
520 ## - SUMMARY, ETC.
Summary, etc. Comprehensive information on GPS technology featuring latest information on GNSS antennas, precise point positioning, real time relative positioning and lattice reduction. Updated and fully expanded to reflect the newest developments in the field.
590 ## - LOCAL NOTE (RLIN)
Local note KA
651 #4 - SUBJECT ADDED ENTRY--GEOGRAPHIC NAME
Geographic name International
690 ## - LOCAL SUBJECT ADDED ENTRY--TOPICAL TERM (OCLC, RLIN)
Topical term or geographic name as entry element Geomatics
9 (RLIN) 6242
700 1# - ADDED ENTRY--PERSONAL NAME
Personal name Rapoport, Lev
700 1# - ADDED ENTRY--PERSONAL NAME
Personal name Tatarnikov, Dmitry
942 ## - ADDED ENTRY ELEMENTS (KOHA)
Suppress in OPAC 0
Holdings
Withdrawn status Lost status Source of classification or shelving scheme Damaged status Not for loan Home library Current library Shelving location Date acquired Total Checkouts Full call number Barcode Date last seen Copy number Price effective from Koha item type
    Dewey Decimal Classification     London London Books 17/03/2016   526.982 30075272 06/08/2019 1 06/08/2019 Book